Suomen kaupunkeja jääkiekkojoukkueiden mukaan - Statistics

Yleistilastot
  • Tätä visaa on pelattu 249 kertaa
  • Keskiarvotulos 19 / 24
Vastaustilastot
Kuvavisa Hint Vastaus % Oikein
685 000 Helsinki
99%
260 000 Tampere
99%
321 000 Espoo
98%
216 000 Oulu
97%
206 000 Turku
96%
149 000 Jyväskylä
95%
121 000 Lahti
95%
83 000 Pori
95%
68 000 Hämeenlinna
93%
126 000 Kuopio
93%
78 000 Kouvola
92%
73 000 Lappeenranta
92%
70 000 Vaasa
92%
52 000 Mikkeli
90%
251 000 Vantaa
85%
79 000 Joensuu
80%
66 000 Rovaniemi
79%
48 000 Kokkola
77%
66 000 Seinäjoki
60%
52 000 Porvoo
50%
46 000 Järvenpää
46%
50 000 Kotka
45%
51 000 Salo
38%
47 000 Hyvinkää
28%
Ehtoja vastaavia visoja ei löytynyt
Tulosjakauma
Jokaisen tuloksen saaneiden osuus
Persentiili vastausten määrän mukaan
Tuloshistoriasi
Et ole pelannut tätä visaa